Logo BPK

Biblioteka

Politechniki Koszalińskiej

Ekonomiczne i organizacyjne aspekty rozwoju turystyki / (Rekord nr 46150)

Szczegóły MARC
000 -ETYKIETA REKORDU
podpole kontrolne o stałej długości 01121nam a2200289 i 4500
001 - NUMER KONTROLNY REKORDU
pole kontrolne bg
015 ## - NUMER BIBLIOGRAFII NARODOWEJ
Numer bibliografii narodowej PB 20662/2004
020 ## - MIĘDZYNARODOWY ZNORMALIZOWANY NUMER KSIĄŻKI - ISBN
ISBN 838765860X
040 ## - ŹRÓDŁO KATALOGOWANIA
Instytucja, która utworzyła rekord BPK
041 0# - KOD JĘZYKA
Kod języka tekstu pol
080 ## - UNIWERSALNA KLASYFIKACJA DZIESIĘTNA - UKD
UKD 338.48:379.85](438)"1989/..."(075.8)
920 ## - Międzynarodowy znormalizowany numer książki – ISBN
ISBN 83-87658-60-X
008 - POLE O STAŁEJ DŁUGOŚCI - DANE KONTROLNE
podpole kontrolne o stałej długości s pl f |000 0 pol
245 00 - TYTUŁ/ODPOWIEDZIALNOŚĆ
Tytuł Ekonomiczne i organizacyjne aspekty rozwoju turystyki /
Pozostałe elementy strefy tytułu i oznaczenia odpowiedzialności pod red. Jana Krupy i Tomasza Solińskiego ; Wyższa Szkoła Informatyki i Zarządzania z siedzibą w Rzeszowie.
260 ## - STREFA ADRESU WYDAWNICZEGO
Miejsce wydania Rzeszów :
Nazwa wydawcy/dystrybutora Wydaw. WSIiZ,
Data publikacji, dystrybucji/powstania dokumentu 2004.
300 ## - STREFA OPISU FIZYCZNEGO
Objętość 214 s. :
Inne cechy fizyczne il., mapy, rys., tab., wykr. ;
Rozmiary 24 cm.
490 1# - STREFA SERII I DOKUMENTU WIELOCZĘŚCIOWEGO - FORMA NIE DO WYSZUKIWANIA
Tytuł i oznaczenie odpowiedzialności serii Społeczeństwo, Informatyka, Gospodarka
504 ## - UWAGA DOTYCZĄCA BIBLIOGRAFII
Informacje o bibliografii Bibliogr. przy pracach.
650 #9 - HASŁO PRZEDMIOTOWE W FORMIE NAZWY OGÓLNEJ LUB JEDNOSTKOWEJ
Nazwa ogólna lub geograficzna Turystyka
Określnik geograficzny Polska
Określnik chronologiczny od 1989 r.
655 ## - TERMIN INDEKSOWY - OKREŚLENIE RODZAJU/FORMY DOKUMENTU
Określenie rodzaju/formy dokumentu Podręczniki akademickie
700 1# - HASŁO DODATKOWE - NAZWA OSOBOWA
Nazwa osobowa KRUPA, Jan.
Określenie związku między hasłem a opisywanym materiałem Red.
700 1# - HASŁO DODATKOWE - NAZWA OSOBOWA
Nazwa osobowa SOLIŃSKI, Tomasz
Daty związane z nazwą (1975- ).
Określenie związku między hasłem a opisywanym materiałem Red.
710 0# - HASŁO DODATKOWE - NAZWA CIAŁA ZBIOROWEGO
Nazwa ciała zbiorowego lub jednostki geograficznej Wyższa Szkoła Informatyki i Zarządzania (Rzeszów)
830 ## - HASŁO DODATKOWE SERII LUB DOKUMENTU WIELOCZĘŚCIOWEGO - TYTUŁ UJEDNOLICONY
Tytuł ujednolicony Społeczeństwo, Informatyka, Gospodarka
856 ## - LOKALIZACJA I DOSTĘP DO ELEKTRONICZNYCH DOKUMENTÓW ZDALNYCH
Link (URL) http://koha.tu.koszalin.pl/cgi-bin/koha/opac-detail.pl?biblionumber=46150
Tekst linku Katalog online BPK
942 ## - DODATKOWE ELEMENTY (KOHA)
Typ dokumentu Książka
Egzemplarze
Wycofany Status egzemplarza Uszkodzony Dostępność Lokalizacja stała Lokalizacja bieżąca Miejsce przechowywania Sygnatura Kod kreskowy Dział Typ dokumentu Ostatnio wypożyczono
      Tylko na miejscu Biblioteka Politechniki Koszalińskiej Biblioteka Politechniki Koszalińskiej Czytelnia Wydziałowa ul. Kwiatkowskiego 6e 75810 02251035 338.48 Ekonomika i organizacja turystyki Książka  
      Dostępny Biblioteka Politechniki Koszalińskiej Biblioteka Politechniki Koszalińskiej Wypożyczalnia BG 75811 02251028   Książka 06.11.2021
© 2023 Biblioteka Politechniki Koszalińskiej :: KOHA